|
|
|
|
| LEADER |
01051nam a2200241 a 4500 |
| 001 |
871285 |
| 008 |
090913s1978 fr i000 0 eng d |
| 010 |
|
|
|a 79311015
|
| 020 |
|
|
|a 9231015044
|
| 040 |
|
|
|a DLC
|c DLC
|d DLC
|
| 082 |
0 |
0 |
|a 371.3/09494
|2 18
|
| 100 |
1 |
|
|a Blanc, Emile,
|d 1920-
|
| 245 |
1 |
0 |
|a Educational innovations in Switzerland :
|b traits and trends /
|c Émile Blanc and Eugène Egger ; prepared for the International Educational Reporting Service.
|
| 260 |
|
|
|a Paris :
|b Unesco,
|c 1978.
|
| 300 |
|
|
|a 98 p. ;
|c 21 cm.
|
| 490 |
0 |
|
|a Experiments and innovations in education ;
|v no. 33
|
| 541 |
1 |
|
|e 00000905
|
| 650 |
|
0 |
|a Educational innovations
|z Switzerland.
|
| 700 |
1 |
|
|a Egger, Eugen,
|e joint author.
|
| 710 |
2 |
|
|a International Educational Reporting Service.
|
| 852 |
4 |
|
|a Ayesha Abed Library
|j General Shelf.
|
| 999 |
|
|
|c 4069
|d 4069
|
| 952 |
|
|
|0 0
|1 0
|2 ddc
|4 0
|6 371_309494000000000_BLA_1978
|7 0
|8 NFIC
|9 3746
|a BRACUL
|b BRACUL
|c GEN
|d 2009-10-03
|g 0.00
|l 0
|o 371.309494 BLA
|p 3010000905
|r 2009-10-03
|t 1
|w 2009-10-03
|y BK
|x No price found in the accession register.
|